Yo, Matías y la matemática 6 /
Guardado en:
| Autor Principal: | |
|---|---|
| Otros Autores: | , , , , |
| Formato: | Libro |
| Idioma: | Undetermined |
| Publicado: |
Buenos Aires :
Tinta Fresca,
2022.
|
| Edición: | 1a ed. |
| Series: | Libros para aprender
|
| Materias: | |
| Etiquetas: |
Agregar Etiqueta
Sin Etiquetas, Sea el primero en etiquetar este registro!
|
| LEADER | 01233nam a22002535a 4500 | ||
|---|---|---|---|
| 001 | CEM.cems020931 | ||
| 008 | 240318s2022####ag############000#0#und#d | ||
| 005 | 20240318134055.0 | ||
| 245 | 1 | 0 | |a Yo, Matías y la matemática 6 / |c Liliana Kurzrok ... y otros ; ilustrado por Fernando Sendra. |
| 250 | |a 1a ed. | ||
| 260 | |a Buenos Aires : |b Tinta Fresca, |c 2022. | ||
| 300 | |a 160 p. | ||
| 490 | 1 | |a Libros para aprender | |
| 500 | |a Edición especial del Ministerio de Educación de la Nación. | ||
| 505 | 0 | |a Los números naturales y sus operaciones -- Los triángulos -- Divisibilidad -- Los cuadriláteros -- Los números racionales fraccionarios -- Los polígonos -- Los números racionales fraccionarios y decimales -- Ubicación en el plano -- Operaciones con números racionales -- Las relaciones de proporcionalidad -- Las unidades de medida -- Perímetros y áreas -- Los cuerpos geométricos | |
| 020 | |a 9789870754497 | ||
| 100 | 1 | |a Liliana Kurzrok; dir. | |
| 700 | 1 | |a Sendra, Fernando; il. | |
| 700 | 1 | |a Comparatore, Claudia. | |
| 700 | 1 | |a Maloberti, Federico. | |
| 700 | 1 | |a Lanza, Pierina. | |
| 700 | 1 | |a Rosetti, Alejandro. | |
| 653 | |a Matemática | ||
| 859 | |a CEMS |b BIB. CEMS - Ccias. Educacion |h 510 |i K967-1 |k CE |p 29908.24 |t Ej. 1 |3 6 | ||
